Orchidej waltz : tradicionál /

Hlavní autor: Pokorný, Václav, 1918-2011
Další autoři: Dufek, Milan, 1944-2005, Bramlett, Delaney, 1939-2008, Hájek, Antonín, 1944-1989
Jazyk: Čeština
Vydáno: Praha : Panton, 1973
Vydání: 1. vyd.
Edice: Panton Special
Fyzický popis: 5 hlasů
Hudebniny Hudebniny
Uloženo v:
LEADER 01063ncm a22002892a 4500
001 001103866
003 CZ BrMZK
005 20120117133803.0
007 qu
008 080814s1973 xr |||||r|||||||| cze d
040 |a BOA001  |b cze 
072 7 |a 784  |x Vokální hudba  |2 Konspekt  |9 9 
100 1 |a Pokorný, Václav,  |d 1918-2011  |7 ola2002108019  |4 arr 
245 1 0 |a Orchidej  |h [hudebnina] :  |b waltz : tradicionál /  |c slova Milan Dufek ; arrang. Václav Pokorný. Otcova hůl : slop / Delaney Bramlett ; Antonín Hájek ; arrang. Václav Pokorný 
250 |a 1. vyd. 
260 |a Praha :  |b Panton,  |c 1973 
300 |a 5 hlasů 
490 1 |a Panton Special ;  |v 42 
740 0 2 |a Otcova hůl 
700 1 |a Dufek, Milan,  |d 1944-2005  |7 jn20000400567  |4 lyr 
700 1 |a Bramlett, Delaney,  |d 1939-2008  |7 xx0121476  |4 cmp 
700 1 |a Hájek, Antonín,  |d 1944-1989  |7 xx0070479  |4 lyr 
830 0 |a Panton Special 
910 |a BOA001  |b Mus3-0711.926 
990 |a MU 
991 |b 201006 
996 6 |b 2619456118  |c Mus3-0711.926  |l MZK  |r Sklad / do 1 hodiny  |n 0  |w 001130737  |u 000010  |a 1  |e BOA001  |j MZK50  |s P